000 00382nam a2200157Ia 4500
008 151213s9999 xx 000 0 und d
100 _aGeorge Hamilton
245 _aEssays and Studies
_cGeorge Hamilton
250 _a1st
260 _aLondon
_bJohn Murry
_c1956
300 _a6550 p.
650 _aLiterature
650 _aLiterature
700 _aGeorge Hamilton
999 _c3632
_d3632